Bilancio sociale ed economico 2015

I tiakina i:
Ngā taipitopito rārangi puna kōrero
Kaituhi rangatōpū: Arcigay Genova
Hōputu: Pukapuka
Reo:Ingarihi
I whakaputaina: Genova : Arcigay Genova, 2016
Ngā Tūtohu: Tāpirihia he Tūtohu
Kāore He Tūtohu, Me noho koe te mea tuatahi ki te tūtohu i tēnei pūkete!

MARC

LEADER 00000nam a2200000 4500
005 20260121122533.0
008 250530b |||||||| |||| 00| 0 eng d
040 |c Arcigay Genova 
110 |a Arcigay Genova 
245 |a Bilancio sociale ed economico 2015 
260 |a Genova :  |b Arcigay Genova,  |c 2016 
942 |2 ddc  |c BK  |n 0 
999 |c 3295  |d 3295